000 00672nam a2200181 i 4500
001 142471
003 ES-MaACL
007 t|
008 071005s1920 fr ||||1| fre d
100 1 _aWithers, Hartley.
_9117163
245 1 0 _aQu'est-ce que la monnaie?
_b: (le marché monétaire anglais) /
_cpar Hartley Withers ; traduction de l'anglais par Cyrille et Joseph Rivière ; revue et précédée d'une introduction par Charles Rist.
260 _aParis :
_bGiard et Brière,
_c1920.
300 _aXXII, 288 p. ;
_c22 cm.
700 1 _aRivière, Joseph.
_997739
700 1 _aRist, Charles.
_997471
700 1 _aRivière, Cyrille.
_997733
852 _aES-MaACL
_jB-5622
999 _c142471
_d142471